Ngữ văn 8
Ngữ văn lớp 8 củng cố, năng cao kiến thức và rèn luyện một số kỹ năng trong quá trình tạo lập văn bản. Cùng những tác phẩm văn học nỗi tiếng như: Trong lòng mẹ, tức nước vỡ bờ ... những bài luyệt tập tóm tắt văn bản. Giúp các em họ...
Đã lưu trong:
| Príomhúdar: | |
|---|---|
| Formáid: | Leabhar |
| Teanga: | Undetermined |
| Foilsithe: |
Hà Nội
Giáo dục
2010
|
| Ábhair: | |
| Clibeanna: |
Cuir Clib Leis
Gan Chlibeanna, Bí ar an gcéad duine leis an taifead seo a chlibeáil!
|
| Thư viện lưu trữ: | Trung tâm Học liệu Trường Đại học Cần Thơ |
|---|
| LEADER | 01037nam a2200217Ia 4500 | ||
|---|---|---|---|
| 001 | CTU_158063 | ||
| 008 | 210402s9999 xx 000 0 und d | ||
| 020 | |c 7200 | ||
| 082 | |a 495.9220712 | ||
| 082 | |b Ph300/T.1/L.8 | ||
| 100 | |a Nguyễn, Khắc Phi | ||
| 245 | 0 | |a Ngữ văn 8 | |
| 245 | 0 | |c Nguyễn Khắc Phi (Tổng chủ biên) | |
| 260 | |a Hà Nội | ||
| 260 | |b Giáo dục | ||
| 260 | |c 2010 | ||
| 520 | |a Ngữ văn lớp 8 củng cố, năng cao kiến thức và rèn luyện một số kỹ năng trong quá trình tạo lập văn bản. Cùng những tác phẩm văn học nỗi tiếng như: Trong lòng mẹ, tức nước vỡ bờ ... những bài luyệt tập tóm tắt văn bản. Giúp các em học tập tốt hơn. | ||
| 650 | |a Vietnamese language | ||
| 650 | |x Study and teaching (Secondary) | ||
| 904 | |i Phan Thị Kim Lan (Bạch Trúc) (Ngọc Mai) | ||
| 980 | |a Trung tâm Học liệu Trường Đại học Cần Thơ | ||